Star Wars Glup Shittos — Sudden Death - Statistics

General Stats
  • This quiz has been taken 128 times
    127 since last reset
  • The average score is 2 of 18
Answers on the Grid
Answers color-coded by a green-red scale on the quiz's grid according to % correct below.
Kitik Keed'kak
Myo
Nor Seebus
Tra'mil Jivo
Meebur Gascon
Lap'Ti'Nek
Tarados Gon
Rum Sleg
Darth Icky
Paodok'Draba'Takat Sap'De'Rekti Nik'Linke'Ti' Ki'Vef'Nik'NeSevef'Li'Kek
Derrown
Peter Igloo
Oqmar Yime
Stekan Sculdun
Dumar "Biffy" Birfet
Tan Divo
Jorg Sacul
Isam Barda
Skippy the Jedi Droid
"Steel" E. Dan
Ask Aak
Pip
Pon Jiral
Dante
Cylon Jiggy
Sun'il Ei'de
Goss Toowers
Togu Navief
Qymaen jai Sheelal
Cato Parasitti
Turnk Brownie
Raoul Alfo N'sien
 
Answer Stats
Answer % Correct
Paodok'Draba'Takat Sap'De'Rekti Nik'Linke'Ti' Ki'Vef'Nik'NeSevef'Li'Kek
40%
Skippy the Jedi Droid
25%
Meebur Gascon
24%
Pip
24%
Kitik Keed'kak
21%
Myo
20%
Tan Divo
15%
Ask Aak
13%
Stekan Sculdun
10%
Cato Parasitti
9%
Dante
7%
Derrown
7%
Qymaen jai Sheelal
7%
Rum Sleg
7%
Goss Toowers
6%
Tarados Gon
5%
Sun'il Ei'de
2%
Jorg Sacul
1%
No matching quizzes found
Score Distribution
Percent of People with Each Score
Percentile by Number Answered
Your Score History
You have not taken this quiz since the last reset